[Event "Corus"]
[Site "Wijk aan Zee"]
[Date "2008.01.25"]
[Round "11"]
[White "Carlsen, Magnus"]
[Black "Anand, Viswanathan"]
[Result "0-1"]
[WhiteElo "2733"]
[BlackElo "2799"]
[Annotator "Ftacnik,L"]
[PlyCount "84"]
[EventDate "2008.01.12"]
[EventType "tourn"]
[EventRounds "13"]
[EventCountry "NED"]
[EventCategory "20"]
[SourceTitle "CBM 122"]
[Source "ChessBase"]
[SourceDate "2008.01.30"]
[SourceVersion "1"]
[SourceVersionDate "2008.01.30"]
[SourceQuality "1"]

1. e4 c5 2. Nf3 d6 3. d4 cxd4 4. Nxd4 Nf6 5. Nc3 a6 6. Be2 e6 7. a4 Nc6 8. O-O
Be7 9. Be3 O-O 10. f4 Qc7 11. Kh1 Re8 12. Bf3 Rb8 13. Qd2 Bf8 14. Qf2 Bd7 15.
g4 $1 {Carlsen had little to lose by playing aggressively against the world
champion. Some even insist, that 14...Bd7 was not the best move for Black.} e5
16. Nf5 exf4 (16... Be6 17. g5 Nd7 18. Nh6+ gxh6 19. f5 Bc4 20. Rg1 Ne7 (20...
hxg5 21. b3 f6 22. bxc4 $13) 21. gxh6+ Kh8 22. Rg2 d5 23. Rag1 d4 24. Qg3 Ng6
25. fxg6 fxg6 26. Bxd4 Bxh6 27. Nd5 Bxd5 28. exd5 Bg7 29. Bc3 $14 {1/2
Kristiansen,J (2445)-Horvath,J (2540)/Novi Sad 1990 (41)}) 17. Bxf4 {The
defender has done nothing wrong, so it is no surprise that the violent line 17.
Bb6 is not dangerous for him.} (17. Bb6 Qc8 18. g5 Nxe4 19. Nh6+ (19. Bxe4 Bxf5
20. Bxf5 Qxf5 21. Qxf4 Qg6 $17) 19... gxh6 20. Nxe4 hxg5 21. Rg1 (21. Nxg5 Ne5
$17) 21... Ne5 $2 (21... h6 22. h4 Rxe4 23. Bxe4 Bf5 $15) 22. Rxg5+ Bg7 23.
Rag1 Nxf3 24. Rxg7+ Kh8 25. Qxf3 {1-0 Houtsonen,P (2146)-Lehtinen,A (2155)/
Tampere 1999}) 17... Be6 18. Rad1 (18. g5 Nd7 19. Bg2 Nb4 $13) 18... Ne5 19.
Bxe5 {In the higher chess sense such an exchange should not be the best line.
White is giving up the control of the dark squares hoping, that his
magnificent knights will offer chances for a kingside attack.} (19. g5 Nfd7 20.
Bg2 Nb6 $13) 19... dxe5 20. g5 Nd7 21. Nd5 Qc6 (21... Bxd5 22. exd5 e4 23. Bg2
Rbd8 24. d6 Qc5 25. Qf4 $16) (21... Qc5 22. Nfe3 $1 Be7 (22... b5 23. Bh5 g6
24. Bg4 $16) 23. Qg2 $14) 22. Bg2 {The young star was criticised for this
retreat, but otherwise Black would always be able to take the f5-knight at a
suitable moment.} (22. a5 Bxf5 23. exf5 e4 24. Bg2 Re5 25. f6 $14) 22... Qc5
23. Qh4 $1 (23. Qxc5 $6 Nxc5 24. Nc7 Rec8 25. Nxe6 Nxe6 $15) 23... Qxc2 24. Rc1
Qxa4 {Anand likes the idea of indirectly pinning the queen on h4 along the 4th
rank. It is most likely, that Black can hold after the greedy 24...Qxb2, but
that would be quite risky.} (24... Qxb2 25. Rc3 g6 26. Rh3 h5 27. Bf3 (27. gxh6
Kh8 28. Ng7 Bxd5 29. exd5 Be7 30. Qe1 Rf8 $15) 27... Qc2 28. Bxh5 gxh5 29. Qxh5
Qxe4+ 30. Rff3 Qe1+ 31. Kg2 Qd2+ 32. Kg3 Qe1+ 33. Kg2 $11) 25. b3 {In this
charged position each move can be worth its weight in gold. The direct 25.Rc3
was praised as the best move, but Anand would not have had to take on d5 as
suggested by some grandmasters.} (25. Rc3 g6 $1 (25... Bxd5 26. Rh3 h6 27. gxh6
g6 (27... Bxe4 28. Bxe4 g6 29. Bd5 Qb5 (29... Qxh4 30. Nxh4 $18) 30. Ne3 Kh8
31. Rxf7 $16) 28. h7+ Kh8 29. exd5 Qb5 (29... Qxh4 30. Nxh4 g5 $1 31. Rxf7 gxh4
32. Rxd7 Re7 (32... e4 33. Bf1 Bg7 34. Rxh4 e3 $11) 33. Rxe7 Bxe7 34. Be4 Rf8
$11) 30. Ne3 Be7 $11) 26. Rh3 (26. Nfe3 Rec8 27. Ng4 Kh8 28. Rh3 h5 29. gxh6
Qd4 $17) 26... h5 27. gxh6 (27. Bf3 $2 Bxd5 28. exd5 Qxh4 29. Nxh4 e4 $19)
27... Bxf5 28. Nc3 Qd4 29. exf5 Qxh4 30. Rxh4 g5 $15) 25... Qa5 (25... Qxb3 26.
Rc3 Qa4 27. Rh3 h6 28. gxh6 g6 29. Nf6+ Nxf6 30. Qxf6 Kh7 31. Qg7+ Bxg7 32.
hxg7+ Kg8 33. Rh8#) 26. Rc3 (26. b4 Bxb4 27. Ra1 Qc5 28. Rfc1 Qf8 $17) 26... g6
27. Rh3 h5 28. Bf3 {This pure aggression is correct since the whole position
cries for the decision on the kingside.} (28. gxh6 Qd8 (28... gxf5 $2 29. Rg3+
Kh7 30. Qg5 $18) 29. h7+ Kh8 30. Qg3 Rc8 $15) 28... Bxd5 29. exd5 Bg7 $1 {
Anand knows better, than to let his young opponent roam freely on the light
squares with 29..gxf5?} (29... gxf5 $2 30. Qxh5 Bg7 31. Qh7+ Kf8 32. Qxf5 Re7
33. d6 Re6 34. Rh7 $18) 30. Bxh5 (30. Nxg7 Kxg7 31. Be4 Rf8 $17) 30... gxf5 (
30... gxh5 31. Qxh5 Qxd5+ 32. Rff3 (32. Kg1 Qc5+ 33. Rf2 Qc1+ 34. Rf1 Qc5+ $11)
32... Qd1+ 33. Kg2 Qe2+ 34. Kg1 Qd1+ 35. Kg2 Qe2+ $11) 31. Bxf7+ $5 {A truly
ingenious idea, as Carlsen steps up his attack with a spectacular sacrifice.} (
31. Rxf5 Qxd5+ 32. Rhf3 Rf8 33. Bxf7+ Rxf7 34. Rxf7 Nf8 $17) 31... Kxf7 32. g6+
Kg8 (32... Kxg6 $2 33. Rg1+ Kf7 34. Rxg7+ $1 Kxg7 35. Qg5+ $18) 33. Qh7+ $2 {
Youth mixed with impatience and excitement! White must have been frustrated,
that despite his heroic efforts the chances remain balanced. The necessary 33.
Rxf5 allowed Black to sacrifice the queen in order to avoid perpetual, but
chances would stay about equal.} (33. Rxf5 Qxd5+ (33... Qa1+ $5 34. Kg2 Qb2+
35. Rf2 Qxf2+ 36. Kxf2 (36. Qxf2 Nf6 37. d6 Rbd8 38. Rd3 $13) 36... Nf8 37. Rg3
Rbd8 38. Qe4 $13) 34. Rhf3 Qd1+ (34... Qxf3+ 35. Rxf3 Nf8 36. Qc4+ Ne6 37. Rf7
$11) 35. Rf1 (35. Kg2 $2 Qd2+ 36. Rf2 Qh6 $19) 35... Qd5+ $11) 33... Kf8 34.
Rxf5+ Ke7 (34... Nf6 $2 35. Rxf6+ Bxf6 36. Qf7#) 35. Qxg7+ Kd6 $1 {This moment
was surely pleasant for Anand, suddenly his king looks much safer than White's!
} (35... Kd8 36. Qf7 Qe1+ 37. Rf1 Qe4+ $17) 36. Rf7 (36. Rf6+ Nxf6 37. Qxf6+
Kc5 38. Qf2+ Kb5 $19) 36... Qxd5+ 37. Kg1 Rbd8 38. Rh7 Qd4+ 39. Kg2 (39. Kf1
Qd1+ 40. Kg2 Qg4+ 41. Kf2 Rg8 $19) 39... Qg4+ 40. Kh1 Rg8 {The game is over as
the knight on d7 still holds the Black's position together.} 41. Rf6+ (41.
Rxd7+ Qxd7 42. Qf6+ Qe6 $19) 41... Kc7 (41... Nxf6 42. Qxf6+ Kd5 $19) 42. Qe7
Qe4+ {A real battle of great chess minds. Carlsen deserves lot of credit for
his spirited attack!} 0-1

[Event "Staunton Memorial 4th"]
[Site "London/Crowthorne"]
[Date "2006.08.19"]
[Round "6"]
[White "Adams, Michael"]
[Black "Lanchava, Tea"]
[Result "1-0"]
[WhiteElo "2732"]
[BlackElo "2389"]
[PlyCount "67"]
[EventDate "2006.08.14"]
[EventType "tourn"]
[EventRounds "11"]
[EventCountry "ENG"]
[EventCategory "11"]
[SourceTitle "CBM 113 Extra"]
[Source "ChessBase"]
[SourceDate "2006.09.14"]
[SourceVersion "1"]
[SourceVersionDate "2006.09.14"]
[SourceQuality "1"]

1. e4 d6 2. d4 g6 3. Nc3 Bg7 4. Be3 c6 5. Qd2 b5 6. Nf3 Nf6 7. Bd3 O-O 8. h3
Nbd7 9. O-O Qc7 10. Ne2 e5 11. dxe5 dxe5 12. a4 Bb7 13. Ng3 a6 14. c4 bxc4 15.
Bxc4 c5 16. Qc2 Rac8 17. Rac1 Qd6 18. Rfd1 Qe7 19. h4 Ng4 20. Bg5 Bf6 21. Qe2
Nb8 22. Nf1 h6 23. Ne3 hxg5 24. Nxg4 gxh4 25. Qe3 Bg7 26. Qg5 Qxg5 27. Nxg5 Rc7
28. Rd6 Bc8 29. Nh2 Rc6 30. Rcd1 Bh6 31. Nxf7 Rxf7 32. Rxc6 Nxc6 33. Rd6 Bb7
34. Bxf7+ 1-0

[Event "WchT 11th"]
[Site "Khanty-Mansiysk"]
[Date "2017.06.26"]
[Round "9.1"]
[White "Nepomniachtchi, Ian"]
[Black "Shankland, Samuel L"]
[Result "1-0"]
[WhiteElo "2732"]
[BlackElo "2676"]
[Annotator "Silver,A"]
[PlyCount "137"]
[EventDate "2017.06.17"]
[EventType "team-tourn"]
[EventRounds "9"]
[EventCountry "RUS"]
[SourceTitle "CBM 179"]
[Source "ChessBase"]
[SourceDate "2017.07.12"]
[SourceVersion "1"]
[SourceVersionDate "2017.07.12"]
[SourceQuality "1"]
[WhiteTeam "Russia"]
[BlackTeam "United States"]
[WhiteTeamCountry "RUS"]
[BlackTeamCountry "USA"]

1. e4 c6 2. d4 d5 3. e5 Bf5 4. g4 Be4 5. f3 Bg6 6. e6 $5 {While this move is
certainly well-represented in the databases, it has never been seen in
grandmaster play. This was not some on-the-spot inspiration, and shows the
Russians plan to give it their all to change the direction of that golden wind.
} (6. Ne2 e6 7. h4 h5 8. Ng3 Qb6 9. a4 a5 10. c3 c5 11. Na3 cxd4 12. cxd4 Bb4+
13. Kf2 Nd7 {1-0 (50) Shirov,A (2705)-Parligras,M (2650) Porto Carras 2011})
6... fxe6 7. h4 Nd7 $146 {The 'official' novelty.} (7... c5 $5) (7... e5 8.
dxe5 e6 9. h5 Bf7 10. Be3 c5 11. Bb5+ Nc6 12. Qd2 Qc7 13. Bf4 Nge7 {1/2-1/2 
(22) Kranjec,T (2157)-Grabner,J (2184) ICCF email 2005}) 8. h5 Bf7 9. f4 {[#]}
e5 {An excellent practical decision. The e6 pawn is unlikely to survive in the
longterm, so Black decides to unload it right away to work on his development.}
10. fxe5 e6 11. Nf3 c5 12. c3 Ne7 13. Bd3 Nc6 14. O-O Qb6 15. Kg2 Rc8 16. a3 {
An interesting idea. not only does it prevent cxd4 cxd4 Nb4, but it also waves
a red flag inviting Black to take on d4.} cxd4 {Black takes! However, he is
walking into a minefield.} 17. cxd4 Nxd4 18. Nxd4 Qxd4 19. Bg6 $1 Qxd1 20.
Bxf7+ Kd8 ({Trying to keep the king on the Bf7 is very risky.} 20... Ke7 21.
Bg5+ Nf6 22. Rxd1 Kxf7 23. exf6 gxf6 24. Be3 {and White is clearly better, up
a piece for two pawns.}) 21. Rxd1 Ke7 22. Rf1 Rc2+ 23. Kh1 Nxe5 24. Bg5+ Kd7
25. Nc3 {Black must now prevent Rae1.} Nxg4 {aiming for ...Rh2+.} 26. Bxe6+
Kxe6 27. Rae1+ Kd6 {[#]} 28. Rxf8 $1 Nf2+ {A miscalculation.} ({Of course not} 
28... Rh2+ $6 29. Kg1 $16) ({Black just need to take back with} 28... Rxf8 $11
29. Be7+ Kd7 30. Bxf8 Nf2+ 31. Kh2 d4 {and the position is not clear as
White's pawns are quickly disappearing.}) 29. Rxf2 $1 $14 Rxf2 30. Nb5+ Kc6 31.
Nxa7+ Kc7 32. Nb5+ Kb8 33. b4 Rf5 34. Be7 Rxh5+ 35. Kg2 d4 36. Nxd4 Rd5 37. Bc5
Rhd8 38. Re4 h5 39. a4 g5 (39... Kc8 $14) 40. a5 ({White should try} 40. Bb6
$16) 40... g4 41. a6 ({Better is} 41. Bb6 $1 $16) 41... bxa6 42. Nc6+ Kc7 43.
Nxd8 Kxd8 $16 44. Kg3 Rf5 45. Kh4 Rd5 46. Re3 Kc7 47. Re7+ Kb8 48. Bb6 Rb5 49.
Bc7+ Ka8 50. Ba5 Rf5 51. Re6 Kb7 52. Rg6 Ka7 53. Rb6 Rd5 54. Rf6 Kb7 55. Rf4
Ka7 56. Kg3 (56. Rf7+ $16 Kb8 57. Rh7) 56... Rd3+ $14 57. Kf2 Rd5 58. Ke3 Re5+
59. Kf2 Kb7 60. Rf7+ Ka8 61. Rg7 Re4 62. Kg3 Re5 63. Kf4 $1 Rd5 64. Ke4 Rb5 65.
Kd4 Rf5 66. Bb6 Rb5 $2 67. Rg8+ Kb7 68. Bc5 Kc7 69. Ke4 1-0

[Event "Wch Blitz 6th"]
[Site "Astana"]
[Date "2012.07.09"]
[Round "15"]
[White "Bologan, Viktor"]
[Black "Radjabov, Teimour"]
[Result "0-1"]
[WhiteElo "2732"]
[BlackElo "2788"]
[PlyCount "97"]
[EventDate "2012.07.09"]
[EventType "tourn (blitz)"]
[EventRounds "30"]
[EventCountry "KAZ"]
[EventCategory "19"]
[SourceTitle "CBM 149 Extra"]
[Source "ChessBase"]
[SourceDate "2012.08.24"]
[SourceVersion "1"]
[SourceVersionDate "2012.08.24"]
[SourceQuality "1"]

1. d4 d5 2. c4 e6 3. Nf3 Be7 4. g3 Nf6 5. Bg2 O-O 6. Qc2 c5 7. cxd5 exd5 8. O-O
c4 9. Nc3 Nc6 10. Rd1 Be6 11. Bg5 h6 12. Bxf6 Bxf6 13. e4 dxe4 14. Qxe4 Bd7 15.
d5 Na5 16. Rd2 Re8 17. Qc2 Rc8 18. Rad1 b5 19. Nd4 Qb6 20. Ne4 Be5 21. Nf3 Bb8
22. d6 b4 23. Neg5 hxg5 24. Nxg5 g6 25. Bd5 Bf5 26. d7 Bxc2 27. Bxf7+ Kg7 28.
Bxe8 Rd8 29. Rxc2 Qf6 30. h4 Nc6 31. Re2 Be5 32. Kg2 Nd4 33. Re4 c3 34. bxc3
bxc3 35. f4 c2 36. Rc1 Qb6 37. fxe5 Qb2 38. Ree1 Ne2 39. e6 Nxc1 40. e7 Kh6 41.
Ne6 Nd3 42. exd8=Q c1=Q+ 43. Kh3 Nf2+ 44. Kg2 Nd3+ 45. Kh3 Nxe1 46. Qg5+ Qxg5
47. hxg5+ Kh7 48. d8=Q Qe2 49. Kh4 0-1

[Event "RUS-CHN Friendship blitz"]
[Site "Petropavlovsk Kamchatsky"]
[Date "2016.09.18"]
[Round "2"]
[White "Inarkiev, Ernesto"]
[Black "Hou, Yifan"]
[Result "0-1"]
[WhiteElo "2732"]
[BlackElo "2658"]
[PlyCount "140"]
[EventDate "2016.09.18"]
[EventType "match (blitz)"]
[EventRounds "10"]
[EventCountry "RUS"]
[SourceTitle "CBM 174 Extra"]
[Source "ChessBase"]
[SourceDate "2016.10.10"]
[SourceVersion "1"]
[SourceVersionDate "2016.10.10"]
[SourceQuality "1"]

1. Nf3 e6 2. g3 b6 3. Bg2 Bb7 4. O-O Nf6 5. c4 g6 6. d4 Bg7 7. Nc3 O-O 8. d5
exd5 9. cxd5 Re8 10. Nd4 c5 11. dxc6 dxc6 12. Bf4 Nh5 13. Be3 Qd7 14. Nb3 Qe7
15. Qd2 Nd7 16. Bg5 Nhf6 17. Rad1 Rad8 18. Qf4 Qe5 19. Nd4 Rc8 20. Ndb5 cxb5
21. Bxb7 Rc5 22. Qxe5 Nxe5 23. Be3 Rc7 24. Ba6 b4 25. Nb5 Rce7 26. Nd6 Rf8 27.
Bd4 Nc6 28. Be3 Ne5 29. Bc1 h6 30. h3 Ned7 31. Kg2 Nc5 32. Bc4 Nfd7 33. e4 Ne5
34. Be2 Nc6 35. Be3 Nxe4 36. Nxe4 Rxe4 37. Bf3 Re6 38. Bd5 Rf6 39. Bf4 Ne7 40.
Bc4 Nf5 41. Rd7 Rc6 42. Bd5 Rc2 43. Rxa7 Rxb2 44. g4 Nd4 45. Bd6 Rd8 46. Bxf7+
Kh7 47. Bf4 Nb5 48. Bc4 Nxa7 49. Re1 Nc6 50. Re6 Nd4 51. Re7 Rc2 52. Be5 Rxc4
53. Rxg7+ Kh8 54. Rc7+ Kg8 55. Rxc4 Ne6 56. Rxb4 Rd5 57. f4 b5 58. Kf3 Kf7 59.
Ke4 Rc5 60. h4 Rc2 61. Rxb5 Rxa2 62. Rb7+ Ke8 63. Kd5 Nf8 64. Rb8+ Kf7 65. Rb7+
Ke8 66. Bd4 Ra5+ 67. Ke4 Ne6 68. Bf6 Nc5+ 69. Kf3 Nxb7 70. Bg7 h5 0-1

[Event "Shenzhen Evening Blitz"]
[Site "chess.com INT"]
[Date "2021.05.01"]
[Round "5.2"]
[White "Wei Yi"]
[Black "Yu Yangyi"]
[Result "0-1"]
[WhiteElo "2732"]
[BlackElo "2709"]
[PlyCount "68"]
[EventDate "2021.05.01"]
[EventType "tourn (blitz)"]
[EventRounds "6"]
[EventCategory "20"]
[SourceTitle "The Week in Chess 1382"]
[Source "Mark Crowther"]
[SourceDate "2021.05.03"]
[SourceVersion "1"]
[SourceVersionDate "2021.05.03"]
[SourceQuality "2"]

1. d4 Nf6 2. c4 e6 3. g3 d5 4. Bg2 Be7 5. cxd5 exd5 6. Nh3 O-O 7. O-O h6 8. Nc3
Re8 9. Nf4 c6 10. f3 c5 11. e3 Nc6 12. dxc5 Bxc5 13. Nfxd5 Nxd5 14. Nxd5 Be6
15. f4 Bxd5 16. Bxd5 Bxe3+ 17. Bxe3 Rxe3 18. Rf3 Qb6 19. Kh1 Rxf3 20. Bxf3 Rd8
21. Qf1 Qxb2 22. Rb1 Qxa2 23. Rxb7 Nd4 24. Bg2 a5 25. Qb1 Qxb1+ 26. Rxb1 a4 27.
Be4 Re8 28. Bd5 Rd8 29. Bc4 Rc8 30. Rb4 Nc2 31. Rxa4 Ne3 32. Bxf7+ Kxf7 33. Kg1
Rc2 34. Re4 Ng4 0-1

[Event "FIDE World Cup"]
[Site "Tbilisi"]
[Date "2017.09.10"]
[Round "3.2"]
[White "Fedoseev, Vladimir1"]
[Black "Nakamura, Hikaru"]
[Result "1-0"]
[WhiteElo "2731"]
[BlackElo "2792"]
[PlyCount "85"]
[EventDate "2017.09.03"]
[EventType "k.o."]
[EventRounds "7"]
[EventCountry "GEO"]
[SourceTitle "EXT 2018"]
[Source "ChessBase"]
[SourceDate "2017.10.13"]
[SourceVersion "1"]
[SourceVersionDate "2017.10.13"]
[SourceQuality "1"]

1. e4 e5 2. Nf3 Nc6 3. Nc3 Nf6 4. Bb5 Nd4 5. Bc4 Bc5 6. d3 c6 7. Nxe5 O-O 8.
Nxf7 Rxf7 9. Bxf7+ Kxf7 10. Be3 Ne6 11. Bxc5 Nxc5 12. e5 Ne8 13. d4 Ne6 14. O-O
d6 15. f4 dxe5 16. fxe5+ Kg8 17. d5 cxd5 18. Nxd5 N8c7 19. c4 Bd7 20. Qg4 Nf8
21. Qf3 Ng6 22. Rad1 Ne6 23. h4 Nxh4 24. Qf7+ Kh8 25. Nf6 Qb6+ 26. Rf2 Ba4 27.
Rd6 Ng5 28. Qe7 Nf5 29. Rxb6 Nxe7 30. Rxb7 Ng6 31. Nh5 Ne6 32. Rff7 Be8 33.
Rxa7 Rd8 34. Rf1 Kg8 35. Ng3 h5 36. Nf5 Kh7 37. b4 h4 38. b5 Rd2 39. Nd6 h3 40.
gxh3 Bd7 41. Rxd7 Ng5 42. Rf5 Nh4 43. Rxg7+ 1-0

[Event "Tbilisi FIDE GP"]
[Site "Tbilisi"]
[Date "2015.02.21"]
[Round "6"]
[White "Radjabov, Teimour"]
[Black "Grischuk, Alexander"]
[Result "1-0"]
[WhiteElo "2731"]
[BlackElo "2810"]
[Annotator "Mikhalchishin,A"]
[PlyCount "47"]
[EventDate "2015.02.15"]
[EventType "tourn"]
[EventRounds "11"]
[EventCountry "GEO"]
[EventCategory "20"]
[SourceTitle "CBM 165"]
[Source "ChessBase"]
[SourceDate "2015.03.11"]
[SourceVersion "1"]
[SourceVersionDate "2015.03.11"]
[SourceQuality "1"]

1. e4 c5 2. Nf3 d6 3. d4 cxd4 4. Nxd4 Nf6 5. Nc3 a6 6. Bg5 e6 7. f4 Qb6 8. Qd2
Qxb2 9. Rb1 Qa3 10. e5 h6 {This move has become more popular than dxe5 lately,
but both demand too great an effort of memory. And in this game the memory of
one player failed...} 11. Bh4 dxe5 12. fxe5 g5 {Here there are two very
serious options:} (12... Nfd7) (12... Nd5) 13. Bg3 Nh5 14. Ne4 Nd7 15. Rb3 Qxa2
16. Be2 {This move is relatively new; top players have tried here} (16. Qc3 b6
{was Sjugirov-Nepomniachtchi from 2009.}) 16... Nc5 $2 {Immediately a mistake.
Grischuk said after the game that he had analysed this position for the last
time about 6 years ago!} ({The correct way is here} 16... Qa1+ 17. Bd1 {
and only now} (17. Kf2 $5 Nxg3 $1) 17... Nc5 {promises Black good chances, but
all these lines in analysis are usually drawn!}) 17. Nc3 $1 Nxb3 ({Now} 17...
Qa1+ {loses:} 18. Rb1 Ne4 19. Rxa1 Nxd2 20. Bxh5) 18. Nxb3 Bb4 $2 {This is the
decisive mistake.} (18... Nxg3 19. Nxa2 Nxh1 20. Kf1 {Black will lose his
knight on h1 and White would need just to show good technique.}) 19. Bxh5 Qb2
20. O-O $1 Qxc3 (20... O-O 21. Be1 Qxc3 22. Qxc3 Bxc3 23. Bxc3 {leaves White
with a completely winning position with two pieces for a rook. There is no
defence against Bb4.}) 21. Bxf7+ Ke7 22. Qf2 {The decisive move - the threat
of Qf6+ is unstoppable.} Kd7 23. Qb6 $1 {The attack from the other side is
more precise than the other way.} (23. Qf6 Rf8 24. Be1 Qc4 25. Bxb4 Qxb4 26.
Bxe6+ Kc7 27. Qxf8 {was also winning.}) 23... Rf8 24. Be1 $1 {So, a memory win
or a memory loss?} 1-0

[Event "WchT 9th"]
[Site "Antalya"]
[Date "2013.12.04"]
[Round "8.1"]
[White "Ivanchuk, Vassily"]
[Black "Kramnik, Vladimir"]
[Result "1/2-1/2"]
[WhiteElo "2731"]
[BlackElo "2793"]
[PlyCount "70"]
[EventDate "2013.11.26"]
[EventType "team-tourn"]
[EventRounds "9"]
[EventCountry "TUR"]
[SourceTitle "CBM 158"]
[Source "ChessBase"]
[SourceDate "2014.01.16"]
[SourceVersion "1"]
[SourceVersionDate "2014.01.16"]
[SourceQuality "1"]
[WhiteTeam "Ukraine"]
[BlackTeam "Russia"]
[WhiteTeamCountry "UKR"]
[BlackTeamCountry "RUS"]

1. e4 e5 2. Nf3 Nc6 3. Bc4 Bc5 4. c3 Nf6 5. d4 exd4 6. e5 d5 7. Bb5 Ne4 8. cxd4
Bb6 9. Nc3 O-O 10. Be3 Bg4 11. h3 Bh5 12. Qc2 Bg6 13. Qb3 Ne7 14. Nh4 c5 15.
Nxg6 hxg6 16. dxc5 Nxc5 17. Bxc5 Bxc5 18. O-O Bd4 19. Rad1 Bxe5 20. Nxd5 Nxd5
21. Rxd5 Qf6 22. Rfd1 Rac8 23. Qe3 Bxb2 24. Qxa7 b6 25. Qa4 Rfd8 26. Bc4 Rxd5
27. Bxd5 Be5 28. g3 Qf5 29. Qb5 Bc7 30. Kg2 Bxg3 31. Qxb6 Bh4 32. Qd4 Bxf2 33.
Bxf7+ Qxf7 34. Qxf2 Qxf2+ 35. Kxf2 Rc2+ 1/2-1/2

[Event "EU-ch blitz"]
[Site "Minsk"]
[Date "2015.12.18"]
[Round "6.1"]
[White "Navara, David"]
[Black "Pogosian, Manvel"]
[Result "1-0"]
[WhiteElo "2730"]
[BlackElo "2382"]
[PlyCount "149"]
[EventDate "2015.12.18"]
[EventType "swiss (blitz)"]
[EventRounds "22"]
[EventCountry "BLR"]
[SourceTitle "EXT 2017"]
[Source "ChessBase"]
[SourceDate "2016.10.25"]
[SourceVersion "1"]
[SourceVersionDate "2016.10.25"]
[SourceQuality "1"]

1. d4 Nf6 2. c4 e6 3. Nf3 d5 4. Nc3 Be7 5. Bf4 O-O 6. e3 b6 7. Bd3 dxc4 8. Bxc4
Bb7 9. O-O Nbd7 10. Qe2 a6 11. Rad1 b5 12. Bb3 c5 13. dxc5 Bxc5 14. e4 b4 15.
Na4 Ba7 16. Bd6 Re8 17. Bc2 e5 18. Bxb4 Rc8 19. Bd3 a5 20. Bd6 Re6 21. Bc4 Rxd6
22. Rxd6 Nxe4 23. Bxf7+ Kh8 24. Rdd1 Qe7 25. Bd5 Bxd5 26. Rxd5 Nef6 27. Rxa5
Bb8 28. Rb5 e4 29. g3 Qf7 30. Ng5 Qxa2 31. Nb6 Nxb6 32. Rxb6 Be5 33. Nxe4 Nxe4
34. Qxe4 Bf6 35. Qc6 Rxc6 36. Rxc6 h5 37. b4 Qa4 38. Rc4 Qb3 39. Re4 h4 40. Kg2
Qd3 41. Rfe1 Qd7 42. gxh4 Qf5 43. R1e3 Qg6+ 44. Kf1 Qh5 45. Kg2 Qg6+ 46. Kf1
Kh7 47. Rf4 Qh5 48. Kg2 Qd5+ 49. Ref3 Qc6 50. Rf5 Kg6 51. h5+ Kh7 52. b5 Qb7
53. h3 Bd4 54. Rg5 Qe4 55. Rg4 Qd5 56. Rgf4 Bb6 57. Rf5 Qe4 58. R5f4 Qd5 59.
Rf5 Qe6 60. Rg5 Bd8 61. Rgf5 Qe4 62. R5f4 Qd5 63. Rf5 Qd1 64. Rf8 Bf6 65. b6
Qb1 66. Rf7 Kh6 67. b7 Qb6 68. R3xf6+ gxf6 69. Rxf6+ Qxf6 70. b8=Q Kxh5 71. Qg3
Qd8 72. Qg4+ Kh6 73. Qf4+ Kh7 74. Kg3 Qd1 75. Qh4+ 1-0

[Event "Anatoly Karpov Trophy"]
[Site "Cap d'Agde FRA"]
[Date "2021.10.29"]
[Round "2.4"]
[White "Topalov, V."]
[Black "Gozzoli, Y."]
[Result "1-0"]
[WhiteElo "2730"]
[BlackElo "2602"]
[PlyCount "127"]
[EventDate "2021.10.29"]
[SourceVersionDate "2018.05.14"]

1. e4 e5 2. Nf3 Nc6 3. Bb5 a6 4. Ba4 Nf6 5. O-O Be7 6. Re1 b5 7. Bb3 d6 8. c3
O-O 9. h3 Bb7 10. d4 Re8 11. a3 Bf8 12. d5 Nb8 13. c4 h6 14. Nc3 c6 15. Be3
Nbd7 16. Rc1 Qb8 17. Nd2 Rc8 18. Qe2 Be7 19. Ba2 Bd8 20. Red1 Bb6 21. Nf1 cxd5
22. exd5 bxc4 23. Bxc4 Qa7 24. Ba2 Rab8 25. Bxb6 Qxb6 26. Ne3 Qd8 27. Nc4 Nb6
28. Na5 Nbxd5 29. Nxb7 Nxc3 30. Bxf7+ Kh8 31. Rxc3 Rxb7 32. Rxd6 Qf8 33. Rxc8
Qxc8 34. Bc4 e4 35. Bxa6 Qc1+ 36. Rd1 Qxb2 37. Qxb2 Rxb2 38. a4 Ra2 39. Bb5 Kh7
40. Rc1 Kg6 41. Rc5 Ra1+ 42. Kh2 Ra2 43. a5 Rxf2 44. a6 Ra2 45. Re5 Ra3 46. Re7
Nd5 47. Rxe4 Nc7 48. Bf1 Kf7 49. Rb4 Ke7 50. Rb6 Ra1 51. Kg1 Nd5 52. Rb7+ Kd6
53. Kf2 Nc7 54. Rb6+ Kc5 55. Rg6 Ra2+ 56. Kg3 Ra3+ 57. Kh4 Ra1 58. Rxg7 Nxa6
59. Ra7 Rxf1 60. Rxa6 Kd5 61. Rxh6 Ke5 62. g4 Rf3 63. Rh8 Ra3 64. Rf8 1-0